000 01063nam0a22002651 4500
001 rc\3322594
005 20260407080659.0
021 _aRU
_bРг8628-70
035 _a(NLR Aleph) 007420781
090 _a6913199
_c6913199
100 _a20130115d1970 |||y0rusy50 ca
101 0 _arus
102 _aRU
105 _aa b |||||
200 1 _aИндукционная вакуумная электропечь ОКБ-1162
_e[Каталог]
210 _aМосква
_cБ. и.
_d[1970]
215 _a5 с.
_cчерт.
_d29
225 1 _aОтделение ВНИИЭМ по научно-технический информации в электротехнике. (Информэлектро)
_v13.02.07-70
532 1 1 _aИндукционная вакуумная электропечь ОКБ - тысяча сто шестьдесят два
712 0 2 _4475
_aВНИИ электромеханики
_3RU\NLR\AUTH\886279
_9284356
801 0 _aRU
_bNLR
_gpsbo
801 1 _aRU
_bELAR
_2rusmarc
852 _aNLR
_jПт 20/1-13.02.07-70
942 _cBOOK
980 _aNB